| 000 | 00395nam a2200157Ia 4500 | ||
|---|---|---|---|
| 008 | 210210b2005 xxu||||| |||| 00| 0 eng d | ||
| 020 | _a1403 92509 7 | ||
| 082 | _a339 NAGM | ||
| 100 | _aNAG (A). | ||
| 245 | _aMacroeconomics for management students. Ed.2. | ||
| 250 | _a | ||
| 260 |
_aN D _bMacmillan India Ltd. _c2005 |
||
| 300 | _axviii,327 | ||
| 690 | _aMacroeconomics | ||
| 906 | _a060719 | ||
| 999 |
_c107087 _d107087 |
||